Maharashtra : the knowledge state [
| Format: | Book |
|---|---|
| Published: |
Pune:
MITCON,
[1999].
|
| Subjects: |
| LEADER | 00391cam a2200121 7i4500 | ||
|---|---|---|---|
| 001 | 0000008052 | ||
| 005 | 20000817090000.0 | ||
| 090 | 0 | 0 | |a CD-ROM 153 |b MAH |
| 245 | 0 | 0 | |a Maharashtra : |b the knowledge state [ |m electronic resource]. |
| 260 | 0 | 0 | |a Pune: |b MITCON, |c [1999]. |
| 300 | # | # | |a Electronic computer optical disc (CD-ROM). |
| 650 | 0 | 0 | |a India |
| 999 | |a 0000011794 |b CD-ROM |c AV Collection |e Business Information Centre | ||